El arquitecto desarrollador : (Registro nro. 12364)
[ vista simple ]
| 000 -LEADER | |
|---|---|
| campo de control de longitud fija | 01830cam a22004094i 4500 |
| 003 - IDENTIFICADOR DE NÚMERO DE CONTROL | |
| campo de control | PE-LiUPU |
| 005 - FECHA Y HORA DE LA ÚLTIMA TRANSACCIÓN | |
| campo de control | 20250731183353.0 |
| 008 - DATOS DE LONGITUD FIJA--INFORMACIÓN GENERAL | |
| campo de control de longitud fija | 160915s r 000 0 spa d |
| 020 ## - NÚMERO INTERNACIONAL ESTÁNDAR DEL LIBRO | |
| Número Internacional Estándar del Libro | 9972334236 |
| 020 ## - NÚMERO INTERNACIONAL ESTÁNDAR DEL LIBRO | |
| Número Internacional Estándar del Libro | 9789972334238 |
| 035 ## - NÚMERO DE CONTROL DEL SISTEMA | |
| Número de control de sistema | (Sirsi) a163489 |
| 040 ## - FUENTE DE CATALOGACIÓN | |
| Centro catalogador/agencia de origen | PE-LiUPU |
| Lengua de catalogación | spa |
| Centro/agencia transcriptor | PE-LiUPU |
| Normas de descripción | rda |
| 049 ## - FONDOS LOCALES (OCLC) | |
| Biblioteca depositaria | PRUA |
| 082 04 - NÚMERO DE LA CLASIFICACIÓN DECIMAL DEWEY | |
| Número de clasificación | 720.4 |
| Cutter | R81 |
| Número de edición | 20 |
| 100 1# - ENTRADA PRINCIPAL--NOMBRE DE PERSONA | |
| Nombre de persona | Romero Sotelo, Miguel Eugenio, |
| Término indicativo de función/relación | autor. |
| 245 13 - MENCIÓN DEL TÍTULO | |
| Título | El arquitecto desarrollador : |
| Resto del título | retornando al territorio productivo y al sistema de ciudades humanizadas / |
| Mención de responsabilidad, etc. | Miguel Eugenio Romero Sotelo. |
| 250 ## - MENCION DE EDICION | |
| Mención de edición | Primera Edición. |
| 264 ## - PRODUCCIÓN, PUBLICACIÓN, DISTRIBUCIÓN, FABRICACIÓN Y COPYRIGHT | |
| Producción, publicación, distribución, fabricación y copyright | Lima : |
| Nombre del de productor, editor, distribuidor, fabricante | Universidad San Ignacio de Loyola, Unidad de Publicaciones, |
| Fecha de producción, publicación, distribución, fabricación o copyright | 2006. |
| 300 ## - DESCRIPCIÓN FÍSICA | |
| Extensión | 195 páginas : |
| Otras características físicas | ilustraciones. |
| 336 ## - TIPO DE CONTENIDO | |
| Término de tipo de contenido | text |
| Fuente | rdacontent |
| 337 ## - TIPO DE MEDIO | |
| Nombre/término del tipo de medio | unmediated |
| Fuente | rdamedia |
| 338 ## - TIPO DE SOPORTE | |
| Nombre/término del tipo de soporte | volume |
| Fuente | rdacarrier |
| 505 0# - NOTA DE CONTENIDO CON FORMATO | |
| Nota de contenido con formato | El encuentro del nuevo arquitecto -- Pasado y futuro de las ciudades y territorios del Perú -- Crecimiento por inversión y no por invación -- Visión al 2020 de la ciudad barriada -- Del arquitecto convenional al arquitecto desarrollador -- Conclusiones generales. |
| 526 ## - NOTA DE INFORMACIÓN SOBRE EL PROGRAMA DE ESTUDIO | |
| Nombre del programa | Maestría Bim Facility Management (A distancia) |
| 526 ## - NOTA DE INFORMACIÓN SOBRE EL PROGRAMA DE ESTUDIO | |
| Nombre del programa | |
| 526 ## - NOTA DE INFORMACIÓN SOBRE EL PROGRAMA DE ESTUDIO | |
| Nombre del programa | Educación musical y artes |
| 526 ## - NOTA DE INFORMACIÓN SOBRE EL PROGRAMA DE ESTUDIO | |
| Nombre del programa | Educación, especialidad educación física |
| 526 ## - NOTA DE INFORMACIÓN SOBRE EL PROGRAMA DE ESTUDIO | |
| Nombre del programa | Arquitectura |
| 596 ## - | |
| -- | 1 |
| 650 14 - PUNTO DE ACCESO ADICIONAL DE MATERIA--TÉRMINO DE MATERIA | |
| Término de materia o nombre geográfico como elemento de entrada | Planeamiento urbanístico |
| Subdivisión geográfica | Peru |
| -- | Lima. |
| 650 14 - PUNTO DE ACCESO ADICIONAL DE MATERIA--TÉRMINO DE MATERIA | |
| Término de materia o nombre geográfico como elemento de entrada | Urbanización |
| Subdivisión geográfica | Peru |
| -- | Lima. |
| 910 ## - DATOS DE OPCIÓN DEL USUARIO (OCLC) | |
| Datos de opción del usuario | jck |
| -- | jos |
| -- | jck |
| -- | 20160915 |
| 942 ## - ELEMENTOS DE ENTRADA SECUNDARIOS (KOHA) | |
| Fuente del sistema de clasificación o colocación | Clasificación Decimal Dewey |
| Tipo de ítem Koha | |
| 949 ## - PROCESAMIENTO DE INFORMACIÓN LOCAL (OCLC) | |
| a | 720.4 R81 |
| w | DEWEY |
| c | 1 |
| i | 74434 |
| l | CATALOGING |
| m | BUL |
| p | 25 |
| r | 0 |
| s | Y |
| t | BOOK |
| u | 2016-09-15 |
| x | INGENIERIA |
| -- | P06 |
| 0 | DONACIÓN |
| o | .CIRCNOTE. El documento es de alto precio. |
| -- | .STAFF. Colección Fia |
| 999 ## - NÚMEROS DE CONTROL DE SISTEMA (KOHA) | |
| -- | DEWEY |
| -- | 74434 |
| -- | 2021-11-9 |
| -- | 7 |
| -- | CCODEBUL1 |
| -- | BUL |
| -- | 25.00 |
| -- | 0 |
| -- | Y |
| -- | BOOK |
| -- | 2016-9-15 |
| -- | INGENIERIA |
| -- | P06 |
| -- | COMPRA |
| -- | .STAFF. Colección Fia |
| 980 ## - EQUIVALENCIA O REFERENCIA-CRUZADA-MENCIÓN DE SERIE--NOMBRE DE PERSONA/TÍTULO [LOCAL, CANADÁ] | |
| ID del último usuario que modificó el registro | 1 |
| Nombre del último usuario que modificó el registro | ALBERTO SANCHEZ Responsable de Automatización |
| Visto por última vez | Número de inventario | Total de préstamos | Signatura topográfica completa | Código de barras | Copia número | Coste, precio de reemplazo | Fecha de reemplazo | Facultad | Tipo de ítem Koha | Nota pública | Estado de pérdida | Fuente del sistema de clasificación o colocación | Restricciones de uso | No para préstamo | Colección | Programa académico | Biblioteca de origen | Biblioteca actual | Ubicación en estantería | Fecha de adquisición | Fuente de adquisición | Coste, precio normal de compra |
|---|---|---|---|---|---|---|---|---|---|---|---|---|---|---|---|---|---|---|---|---|---|---|
| 2025-12-03 | 8 | 720.4 R81 | 74434 | e1 | 30.00 | 2016-09-15 | FIA | Libros físicos | inventario-2023-12-13 | No Perdido | Clasificación Decimal Dewey | No restringido | Disponible para préstamos | Colección General | Arquitectura | Biblioteca CRAI UPeU Lima | Biblioteca CRAI UPeU Lima | Sala principal | 2016-09-15 | COMPRA | 25.00 |